[Event "XXXII C.to Italiano Seniores"]
[Site "Arvier ITA"]
[Date "2010.04.22"]
[Round "5"]
[White "Chiapponi, Paola"]
[Black "Squarci, Franco"]
[Result "0-1"]
[WhiteElo "1735"]
[BlackElo "1795"]
[PlyCount "120"]
[EventDate "2010.04.18"]

1. d4 Nf6 2. c4 c6 3. Nf3 e6 4. e3 d5 5. Nc3 Bd6 6. a3 Nbd7 7. Bd2 O-O 8. c5
Bb8 9. b4 e5 10. dxe5 Nxe5 11. Nxe5 Bxe5 12. Rc1 Re8 13. Be2 d4 14. exd4 Bxd4
15. O-O Bf5 16. Bf3 Qc7 17. Re1 Rad8 18. Rxe8+ Rxe8 19. Qb3 Be5 20. h3 Bf4 21.
Bxf4 Qxf4 22. Qd1 Be6 23. Ne2 Qg5 24. Ng3 Bd5 25. Ra1 Qe5 26. Bxd5 Nxd5 27. Rc1
g6 28. Qf3 Qf4 29. Qxf4 Nxf4 30. Rc3 Re1+ 31. Kh2 Nd5 32. Rf3 f5 33. Nh1 f4 34.
h4 Kg7 35. g3 Re4 36. Rd3 Kf6 37. g4 Ke5 38. Kg2 Rd4 39. Rb3 Ke4 40. f3+ Ke5
41. Kh3 Rd2 42. Ng3 fxg3 43. Kxg3 Kd4 44. f4 Nc3 45. f5 gxf5 46. gxf5 Kc4 47.
Rxc3+ Kxc3 48. Kf4 Rd5 49. Kg5 a5 50. Kf6 axb4 51. axb4 Kxb4 52. Ke6 Kxc5 53.
f6 Rd3 54. Ke7 Rf3 55. f7 b5 56. f8=Q Rxf8 57. Kxf8 b4 58. Kg7 h5 59. Kg6 b3
60. Kxh5 b2 0-1

[Event "XXXII C.to Italiano Seniores"]
[Site "Arvier ITA"]
[Date "2010.04.22"]
[Round "5"]
[White "Gardi, Giuseppe"]
[Black "Beltrami, Nerio"]
[Result "1-0"]
[WhiteElo "2024"]
[BlackElo "2027"]
[PlyCount "99"]
[EventDate "2010.04.18"]

1. d4 Nf6 2. Nf3 d6 3. Nc3 c6 4. e4 Nbd7 5. Be3 e5 6. Qd2 b5 7. Bd3 Be7 8. h3
Bb7 9. Ne2 a6 10. Ng3 exd4 11. Nxd4 Qc7 12. Ndf5 Bf8 13. a4 h5 14. Bg5 Nh7 15.
Be3 Nhf6 16. Nh4 g6 17. O-O Bg7 18. f4 Nc5 19. axb5 Nxd3 20. bxc6 Bxc6 21. cxd3
Bb5 22. Rfc1 Qd8 23. Nf3 O-O 24. Nd4 Nd7 25. Qc2 Nc5 26. Ra3 Bd7 27. Nge2 Qe7
28. Nc3 Rfb8 29. Nd5 Qd8 30. b4 Ne6 31. Nxe6 fxe6 32. Nc7 Rc8 33. Nxa8 Rxa8 34.
Qa2 Rc8 35. Rxc8 Bxc8 36. Qc4 d5 37. Qb3 Qh4 38. Qd1 e5 39. Qc1 Bd7 40. Bf2 Qf6
41. fxe5 Qxe5 42. exd5 Bb5 43. d4 Qxd5 44. Qc5 Qe4 45. Re3 Qb1+ 46. Re1 Qd3 47.
Qe7 Qf5 48. Qe6+ Qf7 49. d5 Bc3 50. Qc8+ 1-0

[Event "XXXII C.to Italiano Seniores"]
[Site "Arvier ITA"]
[Date "2010.04.22"]
[Round "5"]
[White "Giani, Franco"]
[Black "Battaggia, Piergiorgio"]
[Result "0-1"]
[WhiteElo "1985"]
[BlackElo "2059"]
[PlyCount "98"]
[EventDate "2010.04.18"]

1. e4 c5 2. Bc4 e6 3. Nc3 Nc6 4. a3 g6 5. Nf3 Bg7 6. O-O Nge7 7. d3 O-O 8. Be3
d5 9. exd5 exd5 10. Bxc5 dxc4 11. dxc4 Qxd1 12. Nxd1 Bg4 13. Re1 Bxf3 14. gxf3
Rfe8 15. c3 Nf5 16. Re4 Ne5 17. Kg2 Nd3 18. Be3 Ne1+ 19. Kh3 Nxe3 20. Nxe3 Nxf3
21. Rxe8+ Rxe8 22. Rd1 Ne5 23. Rd5 Bh6 24. Ng4 Nxg4 25. Kxg4 Bc1 26. Rb5 Re7
27. a4 Re4+ 28. Kh3 Rxc4 29. Rxb7 Rxa4 30. b3 Ra6 31. b4 Ra3 32. Kg2 Bb2 33. c4
Bd4 34. f3 Ra2+ 35. Kg3 h5 36. c5 Be5+ 37. f4 Ra3+ 38. Kf2 Bxf4 39. b5 Ra2+ 40.
Kf3 Bxh2 41. Ke4 Bg1 42. c6 Bb6 43. c7 Bxc7 44. Rxc7 h4 45. Rc8+ Kg7 46. Kf3 h3
47. Kg3 h2 48. Rc1 Rb2 49. Ra1 Rxb5 0-1

[Event "XXXII C.to Italiano Seniores"]
[Site "Arvier ITA"]
[Date "2010.04.22"]
[Round "5"]
[White "Laco, Giuseppe"]
[Black "Colombo, Paolo"]
[Result "0-1"]
[WhiteElo "2105"]
[BlackElo "2119"]
[PlyCount "138"]
[EventDate "2010.04.18"]

1. c4 Nf6 2. b4 d6 3. Bb2 e5 4. Qc2 Be7 5. a3 c6 6. e3 Qc7 7. d4 Be6 8. Nd2
Nbd7 9. Ngf3 O-O 10. h3 Ne8 11. Ne4 f6 12. dxe5 dxe5 13. g4 a5 14. bxa5 Qxa5+
15. Nfd2 f5 16. gxf5 Bxf5 17. Bd3 Bxe4 18. Bxe4 Nef6 19. Bg2 Nc5 20. O-O Na4
21. Nb3 Qc7 22. Bc1 e4 23. Nd4 Qe5 24. f4 exf3 25. Bxf3 Bd6 26. Ra2 Nc5 27. Nf5
Bc7 28. Bb2 Qe8 29. Qg2 g6 30. Nh6+ Kg7 31. Ng4 Ncd7 32. Bd4 Ne5 33. Nxf6 Rxf6
34. c5 Qe6 35. Rb2 Ra7 36. Rfb1 Kh6 37. Be2 Rf5 38. e4 Rf7 39. h4 Bd8 40. Rb3
Bf6 41. Be3+ Kg7 42. h5 Nc4 43. h6+ Kg8 44. Bg4 Qe5 45. Bc1 Be7 46. Bf3 Bxc5+
47. Kh1 Nxa3 48. Bxa3 Rxa3 49. Rxa3 Bxa3 50. Ra1 Qf4 51. Bg4 Qxh6+ 52. Bh3 Bd6
53. Rd1 Qf4 54. Rf1 Qxf1+ 55. Qxf1 Rxf1+ 56. Bxf1 Kg7 57. Kg2 Kf6 58. Kf3 Ke5
59. Bh3 h5 60. Bc8 b6 61. Bd7 c5 62. Be8 Kf6 63. Ke3 Be5 64. Bb5 Kg5 65. Kf3
Kh4 66. Bf1 g5 67. Kg2 g4 68. Kf2 Kg5 69. Ke3 Bd4+ 0-1

[Event "XXXII C.to Italiano Seniores"]
[Site "Arvier ITA"]
[Date "2010.04.22"]
[Round "5"]
[White "Maestri, Roberto"]
[Black "Levato, Biagio"]
[Result "1/2-1/2"]
[WhiteElo "1630"]
[BlackElo "1539"]
[PlyCount "78"]
[EventDate "2010.04.18"]

1. e4 c5 2. d4 e6 3. c3 a6 4. Nf3 Nc6 5. Bd3 Qc7 6. O-O b5 7. d5 Ne5 8. Nxe5
Qxe5 9. f4 Qc7 10. c4 Bb7 11. cxb5 c4 12. Bc2 axb5 13. Be3 Bc5 14. Bd4 Qb6 15.
Bxc5 Qxc5+ 16. Kh1 Nf6 17. Re1 O-O 18. dxe6 dxe6 19. Nd2 Rad8 20. e5 Ng4 21.
Qxg4 Rxd2 22. Re2 Rfd8 23. h4 Qd4 24. Rxd2 Qxd2 25. Rd1 Qa5 26. Rxd8+ Qxd8 27.
Qd1 Qxh4+ 28. Kg1 g6 29. Qd2 Qe7 30. g3 Bd5 31. a3 h5 32. Kf2 Kh7 33. Ke3 Qb7
34. Qd4 Bg2 35. Be4 Qxe4+ 36. Qxe4 Bxe4 37. Kxe4 g5 38. fxg5 Kg6 39. Kf4 Kg7
1/2-1/2

[Event "XXXII C.to Italiano Seniores"]
[Site "Arvier ITA"]
[Date "2010.04.22"]
[Round "5"]
[White "Papa, Angelo"]
[Black "D'Aulisa, Francesco"]
[Result "0-1"]
[WhiteElo "1855"]
[BlackElo "1741"]
[PlyCount "150"]
[EventDate "2010.04.18"]

1. d4 e6 2. Nf3 d6 3. Nc3 h6 4. e4 a6 5. Be3 Nd7 6. Qd2 Ne7 7. Bd3 b6 8. O-O g5
9. d5 e5 10. Rfd1 Ng6 11. Ne2 Nf4 12. c4 Rg8 13. b4 Nf6 14. Rac1 Qd7 15. Ng3
Qg4 16. h3 Nxh3+ 17. gxh3 Qxh3 18. Bf1 Qg4 19. Bg2 Nxe4 20. Nxe4 Qxe4 21. Qd3
Bf5 22. Qxe4 Bxe4 23. c5 b5 24. cxd6 Bxd6 25. Bc5 Kd7 26. Nh2 Bf5 27. Bxd6 cxd6
28. Rc6 Rgc8 29. Rdc1 g4 30. Nf1 h5 31. Ng3 Bg6 32. Ne4 Rxc6 33. Rxc6 Bxe4 34.
Bxe4 Ke7 35. Kg2 a5 36. bxa5 Rxa5 37. Rc2 Ra4 38. f3 Rd4 39. Kg3 gxf3 40. Kxf3
f5 41. Bxf5 Rf4+ 42. Kg3 Rxf5 43. Rb2 Rf4 44. Rxb5 Ra4 45. Rb7+ Kd8 46. Rh7
Rxa2 47. Rxh5 Rd2 48. Rh7 Rxd5 49. Kf3 Rd4 50. Ke3 Rf4 51. Rg7 Ke8 52. Rh7 d5
53. Rh5 Re4+ 54. Kd3 Ke7 55. Rh7+ Kd6 56. Rh8 Rg4 57. Rd8+ Kc6 58. Rc8+ Kd7 59.
Rh8 Rg3+ 60. Ke2 d4 61. Rh6 e4 62. Rh4 Re3+ 63. Kd2 Kd6 64. Rh5 Rg3 65. Rh8
Rg2+ 66. Ke1 e3 67. Kf1 Ra2 68. Ke1 Kd5 69. Kd1 Kc4 70. Rb8 Kc3 71. Rb1 d3 72.
Rc1+ Kd4 73. Rb1 Rh2 74. Rb4+ Kc3 75. Rh4 e2+ 0-1

[Event "XXXII C.to Italiano Seniores"]
[Site "Arvier ITA"]
[Date "2010.04.22"]
[Round "5"]
[White "Pettarini, Renato"]
[Black "Neri, Angelo"]
[Result "0-1"]
[WhiteElo "1775"]
[BlackElo "1930"]
[PlyCount "80"]
[EventDate "2010.04.18"]

1. c4 c6 2. Nf3 Nf6 3. Nc3 d5 4. e3 e6 5. a3 Nbd7 6. d4 Bd6 7. Bd3 O-O 8. O-O
dxc4 9. Bxc4 e5 10. dxe5 Nxe5 11. Nxe5 Bxe5 12. Be2 Qc7 13. h3 Rd8 14. Qc2 Be6
15. Rd1 Rxd1+ 16. Nxd1 Qb6 17. Bc4 Qc5 18. Bd3 Qxc2 19. Bxc2 Rd8 20. f3 a5 21.
Nf2 b5 22. Rb1 g6 23. Nd3 Bc7 24. Kh1 Bc4 25. Nc5 Bb6 26. b4 Bxc5 27. bxc5 Nd7
28. Bd2 Nxc5 29. Bxa5 Rd7 30. Bb4 Na6 31. Rd1 Rxd1+ 32. Bxd1 Nxb4 33. axb4 Kf8
34. Kg1 Ke7 35. Kf2 Kd6 36. e4 c5 37. bxc5+ Kxc5 38. Be2 b4 39. Bxc4 Kxc4 40.
Ke2 Kb3 0-1

[Event "XXXII C.to Italiano Seniores"]
[Site "Arvier ITA"]
[Date "2010.04.22"]
[Round "5"]
[White "Piazza, Giacomo"]
[Black "Acunzo, Domenico"]
[Result "0-1"]
[WhiteElo "1634"]
[BlackElo "1804"]
[PlyCount "66"]
[EventDate "2010.04.18"]

1. Nf3 d5 2. c4 e6 3. e3 f5 4. b3 Nf6 5. d3 c6 6. Bb2 Nbd7 7. Nbd2 Bd6 8. h3
Qe7 9. Qc2 e5 10. Be2 a5 11. a3 e4 12. Nd4 Ne5 13. f4 exf3 14. N2xf3 Nxf3+ 15.
Nxf3 Qxe3 16. Bd4 Qe7 17. O-O O-O 18. c5 Bc7 19. Bf2 Bd7 20. Bh4 Qe3+ 21. Bf2
Qh6 22. Bh4 Rae8 23. Rae1 Bf4 24. b4 axb4 25. axb4 g5 26. g3 Be3+ 27. Kh2 gxh4
28. Nxh4 Bd2 29. Rd1 Rxe2+ 30. Ng2 Ng4+ 31. Kg1 Be3+ 32. Nxe3 Rxc2 33. Nxf5
Bxf5 0-1

[Event "XXXII C.to Italiano Seniores"]
[Site "Arvier ITA"]
[Date "2010.04.22"]
[Round "5"]
[White "Pipitone, Antonio"]
[Black "Diena, Giovanni"]
[Result "1-0"]
[WhiteElo "2088"]
[BlackElo "1837"]
[PlyCount "109"]
[EventDate "2010.04.18"]

1. e4 e5 2. Nf3 Nc6 3. Bb5 a6 4. Ba4 Nf6 5. O-O Be7 6. Re1 O-O 7. c3 d6 8. h3
b5 9. Bc2 Na5 10. d4 exd4 11. cxd4 c5 12. d5 Re8 13. Nbd2 Bf8 14. Nf1 Nc4 15.
Ng3 g6 16. b3 Ne5 17. Nh2 Bg7 18. f4 Ned7 19. Bd2 c4 20. Rb1 cxb3 21. axb3 Bb7
22. Nf3 Rc8 23. Kh2 a5 24. Bd3 b4 25. Bb5 Re7 26. f5 Nc5 27. fxg6 hxg6 28. Ng5
Rec7 29. Qf3 Ncd7 30. Bxd7 Qxd7 31. Be3 Rc3 32. Ne2 Rd3 33. Red1 Rxd1 34. Rxd1
Qe7 35. Rf1 Rf8 36. Ng3 Nd7 37. Qg4 Bh6 38. Nxf7 Rxf7 39. Bxh6 Ne5 40. Qe2 Rxf1
41. Qxf1 Ng4+ 42. hxg4 Qh4+ 43. Kg1 Qxh6 44. Qf6 Qc1+ 45. Kh2 Qh6+ 46. Nh5 Bc8
47. Qd8+ Qf8 48. Qg5 Qf7 49. Nf4 Kh7 50. Qh4+ Kg8 51. Kg3 Kg7 52. Qd8 Qd7 53.
Ne6+ Qxe6 54. dxe6 Bxe6 55. Qe7+ 1-0

[Event "XXXII C.to Italiano Seniores"]
[Site "Arvier ITA"]
[Date "2010.04.22"]
[Round "5"]
[White "Placchetta, Omero"]
[Black "Centofante, Maria Rosa"]
[Result "0-1"]
[WhiteElo "1668"]
[BlackElo "1585"]
[PlyCount "78"]
[EventDate "2010.04.18"]

1. e4 d5 2. exd5 Qxd5 3. Nc3 Qa5 4. d4 Nf6 5. h3 c6 6. Nf3 Bf5 7. Bd3 Bxd3 8.
Qxd3 e6 9. O-O Bd6 10. Bg5 Nbd7 11. Rfe1 O-O 12. Bxf6 Nxf6 13. Ne4 Nxe4 14.
Rxe4 Rad8 15. Qb3 Qd5 16. Qe3 Rde8 17. Ne5 Bc7 18. c4 Qd8 19. Qc3 f5 20. Re2
Rf6 21. Rae1 Rh6 22. Nf3 Qf6 23. Qb3 Qg6 24. Ne5 Bxe5 25. Rxe5 Qg5 26. d5 Rg6
27. Qf3 Qd8 28. dxc6 bxc6 29. Qxc6 Qe7 30. c5 Qd8 31. Rxf5 e5 32. Qe4 Rge6 33.
Qc2 Qa5 34. Qc3 Qxc3 35. bxc3 e4 36. Rd5 Rc8 37. c4 Rec6 38. Red1 a6 39. Rf5 g6
0-1

[Event "XXXII C.to Italiano Seniores"]
[Site "Arvier ITA"]
[Date "2010.04.22"]
[Round "5"]
[White "Viola, Mario"]
[Black "Rotelli, Pietro"]
[Result "0-1"]
[WhiteElo "2065"]
[BlackElo "1993"]
[PlyCount "118"]
[EventDate "2010.04.18"]

1. d4 d5 2. Nf3 Nf6 3. g3 g6 4. Bg2 Bg7 5. c3 O-O 6. Nbd2 Re8 7. Ne5 Nbd7 8. f4
Nxe5 9. fxe5 Ng4 10. Nf3 f6 11. h3 Nh6 12. Bxh6 Bxh6 13. O-O f5 14. Qd3 e6 15.
Kh2 b6 16. b4 a5 17. a4 Ba6 18. b5 Bb7 19. e3 c6 20. g4 cxb5 21. axb5 f4 22. g5
Bxg5 23. Nxg5 Qxg5 24. exf4 Qe7 25. Qg3 Kh8 26. h4 Rac8 27. Bh3 Rc7 28. Rf3 Bc8
29. Bg4 Bd7 30. Rg1 Rg8 31. Qh3 h5 32. Rfg3 hxg4 33. Rxg4 Rcc8 34. Rg5 Qf7 35.
R1g4 Qh7 36. h5 Be8 37. Qd3 Bf7 38. h6 Qxh6+ 39. Kg3 Qf8 40. Rh4+ Kg7 41. f5
exf5 42. Qxf5 Rxc3+ 43. Kg4 Be8 44. Qxf8+ Rxf8 45. e6 Rcf3 46. Rxd5 R8f4+ 47.
Kg5 Rf5+ 48. Rxf5 Rxf5+ 49. Kg4 Bxb5 50. Kg3 Kf6 51. Rh8 Kxe6 52. Rb8 Kd6 53.
Rxb6+ Bc6 54. Ra6 a4 55. Kg4 Rd5 56. Kf4 Rxd4+ 57. Kg5 Kc5 58. Kxg6 Rf4 59. Kg5
Rf1 0-1

[Event "XXXII C.to Italiano Seniores"]
[Site "Arvier ITA"]
[Date "2010.04.23"]
[Round "6"]
[White "Acunzo, Domenico"]
[Black "Cavatorta, Fosco"]
[Result "1-0"]
[WhiteElo "1804"]
[BlackElo "1981"]
[PlyCount "55"]
[EventDate "2010.04.18"]

1. e4 d6 2. d4 Nf6 3. Nc3 Nbd7 4. f4 e5 5. Nf3 exd4 6. Qxd4 c6 7. Be2 Be7 8.
O-O d5 9. Kh1 Bc5 10. Qd3 Ng4 11. h3 Nf2+ 12. Rxf2 Bxf2 13. exd5 O-O 14. Ng5
Nf6 15. Qf3 Bh4 16. dxc6 bxc6 17. Bd3 h6 18. Nge4 Nd5 19. Bd2 Nb4 20. f5 Nxd3
21. cxd3 Ba6 22. Nc5 Qb6 23. N3e4 Rad8 24. Qg4 Bg5 25. Bxg5 hxg5 26. f6 Qxb2
27. Rf1 Bxd3 28. Qxg5 1-0

[Event "XXXII C.to Italiano Seniores"]
[Site "Arvier ITA"]
[Date "2010.04.23"]
[Round "6"]
[White "Battaggia, Piergiorgio"]
[Black "Barlocco, Carlo"]
[Result "0-1"]
[WhiteElo "2059"]
[BlackElo "2173"]
[PlyCount "80"]
[EventDate "2010.04.18"]

1. d4 Nc6 2. Nf3 d5 3. Bf4 Bg4 4. Nbd2 Nf6 5. h3 Bh5 6. e3 e6 7. Be2 Bd6 8.
Bxd6 cxd6 9. c4 O-O 10. O-O Qb6 11. cxd5 Nxd5 12. Nc4 Qc7 13. Rc1 Nf6 14. a3 b5
15. Na5 Qxa5 16. Rxc6 Bxf3 17. Bxf3 d5 18. Qc2 Nd7 19. Qc3 Qxc3 20. Rxc3 Nb6
21. b3 Rfc8 22. Rfc1 a5 23. Rxc8+ Rxc8 24. Rxc8+ Nxc8 25. Be2 b4 26. a4 Nd6 27.
Bd3 f6 28. f4 Kf7 29. Kf2 h6 30. g4 g5 31. Kf3 Ke7 32. Kg2 e5 33. fxe5 fxe5 34.
Kf2 Ne8 35. Bf1 Kd6 36. Ke2 Ng7 37. Kd3 Ne6 38. dxe5+ Kxe5 39. Bg2 Nc5+ 40. Kc2
d4 0-1

[Event "XXXII C.to Italiano Seniores"]
[Site "Arvier ITA"]
[Date "2010.04.23"]
[Round "6"]
[White "Battaglia, Emanuele"]
[Black "Cesati Cassin, Giorgio"]
[Result "1/2-1/2"]
[WhiteElo "1675"]
[BlackElo "1567"]
[PlyCount "65"]
[EventDate "2010.04.18"]

1. d4 Nf6 2. c4 g6 3. Nc3 Bg7 4. e4 d6 5. Nf3 O-O 6. Be2 Nbd7 7. O-O e5 8. Be3
exd4 9. Bxd4 Re8 10. Qc2 Ne5 11. h3 Nh5 12. Nxe5 dxe5 13. Be3 f5 14. exf5 Bxf5
15. Qd2 Qxd2 16. Bxd2 Nf4 17. Rfe1 Nxe2+ 18. Rxe2 Bd3 19. Ree1 Bxc4 20. Ne4
Rad8 21. Bc3 b6 22. a3 h6 23. Rad1 Rd3 24. Rxd3 Bxd3 25. f3 Bxe4 26. Rxe4 Kf7
27. Kf2 c6 28. Ra4 Re7 29. Re4 h5 30. g4 hxg4 31. hxg4 g5 32. Rc4 c5 33. Re4
1/2-1/2

[Event "XXXII C.to Italiano Seniores"]
[Site "Arvier ITA"]
[Date "2010.04.23"]
[Round "6"]
[White "Beltrami, Nerio"]
[Black "Bisignano, Giuseppe"]
[Result "0-1"]
[WhiteElo "2027"]
[BlackElo "1942"]
[PlyCount "96"]
[EventDate "2010.04.18"]

1. e4 e5 2. Nf3 Nc6 3. Bb5 a6 4. Ba4 Nf6 5. d3 b5 6. Bb3 Be7 7. O-O O-O 8. Re1
d6 9. c3 Bg4 10. Nbd2 d5 11. h3 Bxf3 12. Qxf3 d4 13. Nf1 Qd6 14. Ng3 g6 15. Bh6
Rfe8 16. Nf5 gxf5 17. Qg3+ Ng4 18. Bd2 Kh8 19. hxg4 f4 20. Qh3 Nd8 21. Rad1 c5
22. Bd5 Rc8 23. a3 Ne6 24. Bxe6 Qxe6 25. cxd4 cxd4 26. Rc1 Rg8 27. f3 Qb3 28.
Rxc8 Rxc8 29. g5 Qe6 30. Qxe6 fxe6 31. Rc1 Rxc1+ 32. Bxc1 Bxg5 33. g3 h6 34.
Kg2 Kg7 35. Kh3 Kg6 36. Bd2 fxg3 37. Bb4 Bf4 38. b3 Kf6 39. Be1 h5 40. a4 h4
41. Ba5 Bg5 42. axb5 axb5 43. Bc7 Kg6 44. Bxe5 Bf6 45. Bc7 e5 46. Bd6 Kg5 47.
Bf8 Kf4 48. Kg2 Ke3 0-1

[Event "XXXII C.to Italiano Seniores"]
[Site "Arvier ITA"]
[Date "2010.04.23"]
[Round "6"]
[White "Catalano, Luigi"]
[Black "Papa, Angelo"]
[Result "1/2-1/2"]
[WhiteElo "1659"]
[BlackElo "1855"]
[PlyCount "92"]
[EventDate "2010.04.18"]

1. e4 g6 2. g3 Bg7 3. Bg2 e5 4. Nf3 d6 5. d3 Ne7 6. c3 O-O 7. Qb3 Nbc6 8. Be3
Rb8 9. Qc2 Bd7 10. Nbd2 Qc8 11. h4 h5 12. O-O Bh3 13. Kh2 Bxg2 14. Kxg2 Qd7 15.
d4 exd4 16. cxd4 a6 17. a3 Rbc8 18. Nb3 b5 19. Qd2 Nd8 20. Nh2 Qe6 21. Qd3 Nb7
22. Rab1 c5 23. Nd2 c4 24. Qc2 Na5 25. Nhf3 Qd7 26. Rbc1 Qb7 27. d5 Qd7 28. Nd4
Nb7 29. Ne2 Nc5 30. Bxc5 Rxc5 31. b4 Rc7 32. Nb3 Bh6 33. Nbd4 Bxc1 34. Qxc1 Kh7
35. Nc3 Rfc8 36. Qf4 Rf8 37. Nf3 f6 38. Nd4 Ng8 39. Ne6 Re8 40. Nd4 Rcc8 41. f3
Re5 42. g4 hxg4 43. fxg4 g5 44. hxg5 fxg5 45. Qf3 Kg7 46. Nf5+ Rxf5 1/2-1/2

[Event "XXXII C.to Italiano Seniores"]
[Site "Arvier ITA"]
[Date "2010.04.23"]
[Round "6"]
[White "Centofante, Maria Rosa"]
[Black "Viola, Mario"]
[Result "0-1"]
[WhiteElo "1585"]
[BlackElo "2065"]
[PlyCount "76"]
[EventDate "2010.04.18"]

1. d4 Nf6 2. Nf3 e6 3. c4 c5 4. d5 b5 5. Nc3 b4 6. Na4 d6 7. Bg5 Be7 8. e3 h6
9. Bh4 e5 10. Be2 O-O 11. O-O Nbd7 12. a3 a5 13. Nd2 Bb7 14. e4 Nh7 15. Bxe7
Qxe7 16. Bg4 Nhf6 17. Be2 Qd8 18. b3 Nb6 19. axb4 axb4 20. f4 exf4 21. Rxf4
Nfd7 22. Bg4 Ne5 23. Be2 Bc8 24. Qf1 Nbd7 25. Nb2 Rxa1 26. Qxa1 Ng6 27. Rf3
Nde5 28. Rg3 Bd7 29. Nd3 Qa8 30. Qd1 Qa2 31. Nxe5 Nxe5 32. Nf3 Qb2 33. Nxe5
Qxe5 34. Bd3 Qd4+ 35. Kh1 Ra8 36. Be2 Ra1 37. Rd3 Rxd1+ 38. Rxd1 Qc3 0-1

[Event "XXXII C.to Italiano Seniores"]
[Site "Arvier ITA"]
[Date "2010.04.23"]
[Round "6"]
[White "Chiapponi, Paola"]
[Black "Bogatto, Mario"]
[Result "1/2-1/2"]
[WhiteElo "1735"]
[BlackElo "1451"]
[PlyCount "52"]
[EventDate "2010.04.18"]

1. d4 d5 2. c4 e6 3. Nc3 Nf6 4. e3 c6 5. Bd2 Nbd7 6. a3 dxc4 7. Bxc4 Nb6 8. Be2
Nbd5 9. Nf3 Nxc3 10. bxc3 Ne4 11. O-O Nxd2 12. Qxd2 Be7 13. c4 O-O 14. c5 Bf6
15. Rab1 Qd7 16. Rb3 Rd8 17. Rfb1 e5 18. Qb4 a5 19. Qb6 Re8 20. Rd1 Bd8 21.
dxe5 Qxd1+ 22. Bxd1 Bxb6 23. cxb6 Bg4 24. h3 Bxf3 25. Bxf3 Rxe5 26. Rd3 Re7
1/2-1/2

[Event "XXXII C.to Italiano Seniores"]
[Site "Arvier ITA"]
[Date "2010.04.23"]
[Round "6"]
[White "Colombo, Paolo"]
[Black "Gardi, Giuseppe"]
[Result "1-0"]
[WhiteElo "2119"]
[BlackElo "2024"]
[PlyCount "92"]
[EventDate "2010.04.18"]

1. Nf3 g6 2. d4 Bg7 3. c4 d6 4. Nc3 Nf6 5. e4 O-O 6. Be2 e5 7. O-O exd4 8. Nxd4
Re8 9. f3 Nc6 10. Nc2 Be6 11. Bg5 h6 12. Bh4 Ne5 13. Nd5 g5 14. Bf2 Nh5 15. g3
Nf6 16. Nd4 Nfd7 17. Ne3 a5 18. f4 gxf4 19. gxf4 Bh3 20. Re1 Nc6 21. Ndf5 Rxe4
22. Bg4 Bxg4 23. Qxg4 Qf8 24. Qxg7+ Qxg7+ 25. Nxg7 Rxf4 26. Nh5 Re4 27. Rac1
Nde5 28. Re2 Kh8 29. Ng3 Rg8 30. Kf1 Rh4 31. Kg2 Nd3 32. Rcc2 Nf4+ 33. Kh1 Nxe2
34. Rxe2 Ne5 35. Ngf5 Re4 36. Rc2 Ng4 37. Nxg4 Rgxg4 38. b3 Rg6 39. Rd2 Kh7 40.
Ng3 Re8 41. Kg2 b6 42. Bd4 Rge6 43. Kh3 c5 44. Bb2 Kg6 45. Rg2 Re3 46. Kh4 Ra8
1-0

[Event "XXXII C.to Italiano Seniores"]
[Site "Arvier ITA"]
[Date "2010.04.23"]
[Round "6"]
[White "D'Aulisa, Francesco"]
[Black "Diena, Giovanni"]
[Result "0-1"]
[WhiteElo "1741"]
[BlackElo "1837"]
[PlyCount "154"]
[EventDate "2010.04.18"]

1. e4 e5 2. Nf3 Nc6 3. Bb5 a6 4. Ba4 Nf6 5. Nc3 b5 6. Bb3 Be7 7. O-O O-O 8. Re1
d6 9. h3 Bb7 10. d4 Nxd4 11. Nxd4 exd4 12. Qxd4 c5 13. Qd3 c4 14. Bxc4 bxc4 15.
Qxc4 Rc8 16. Qd3 d5 17. e5 Ne4 18. Ne2 Nc5 19. Qe3 Ne6 20. c3 Bc5 21. Qg3 Kh8
22. Be3 Be7 23. Qg4 Rc4 24. f4 Bc8 25. Qf3 Bc5 26. Bxc5 Rxc5 27. b4 Rc4 28.
Red1 Qb6+ 29. Kh2 Bb7 30. Qg3 Re4 31. Nd4 Nxf4 32. Rf1 Nh5 33. Qg5 Qg6 34. Qe7
Kg8 35. Qxb7 Qg3+ 36. Kh1 Nf4 37. Rxf4 Qxf4 38. Qxd5 Rxe5 39. Qc6 Qd2 40. Nf3
Qb2 41. Rf1 Qe2 42. Re1 Re6 43. Qd5 Qb5 44. Qxb5 Rxe1+ 45. Nxe1 axb5 46. Nd3
Ra8 47. Ne5 Rxa2 48. c4 bxc4 49. Nxc4 Ra4 50. Kh2 Rxb4 51. Ne5 f6 52. Nf3 Kf7
53. h4 Ke6 54. Kh3 h5 55. g3 Ra4 56. Ne1 g5 57. Nd3 Kf5 58. Nc5 Ra1 59. Nd7
Rh1+ 60. Kg2 Rd1 61. Nc5 Rd5 62. Nb3 Kg4 63. Kf2 Rd3 64. Nc5 Rf3+ 65. Ke2 Kxg3
66. Ne4+ Kg2 67. Kd2 Rf4 68. Kd3 Rxe4 69. Kxe4 Kg3 70. Ke3 g4 71. Ke2 Kxh4 72.
Kf2 f5 73. Kg2 Kg5 74. Kh2 f4 75. Kg2 Kf5 76. Kf2 h4 77. Kg2 Ke4 0-1

[Event "XXXII C.to Italiano Seniores"]
[Site "Arvier ITA"]
[Date "2010.04.23"]
[Round "6"]
[White "De Polzer, Manfredi"]
[Black "Renzini, Lorenzo"]
[Result "1-0"]
[WhiteElo "1795"]
[BlackElo "1746"]
[PlyCount "73"]
[EventDate "2010.04.18"]

1. d4 Nf6 2. c4 g6 3. Nc3 Bg7 4. e4 d6 5. Be2 O-O 6. f4 c5 7. d5 e6 8. Bf3 Re8
9. Nge2 exd5 10. cxd5 Bg4 11. Ng3 Bxf3 12. Qxf3 Nbd7 13. O-O Qb6 14. Rb1 Re7
15. h3 Rae8 16. Bd2 a6 17. Rfe1 Qd8 18. Nf1 c4 19. g4 Nc5 20. Ng3 b5 21. g5
Nfd7 22. Nd1 Nd3 23. Re2 N7c5 24. h4 Qc8 25. Bc3 h5 26. gxh6 Bxh6 27. Bf6 Nxf4
28. Rc2 Rd7 29. Nf2 Rc7 30. h5 Nh3+ 31. Nxh3 Qxh3 32. Rh2 Qc8 33. hxg6 Bg7 34.
Bxg7 Kxg7 35. Nf5+ Kg8 36. gxf7+ Rxf7 37. Nh6+ 1-0

[Event "XXXII C.to Italiano Seniores"]
[Site "Arvier ITA"]
[Date "2010.04.23"]
[Round "6"]
[White "Levato, Biagio"]
[Black "Pettarini, Renato"]
[Result "0-1"]
[WhiteElo "1539"]
[BlackElo "1775"]
[PlyCount "78"]
[EventDate "2010.04.18"]

1. d4 Nf6 2. f3 d5 3. e4 dxe4 4. Nc3 exf3 5. Nxf3 Bg4 6. h3 Bh5 7. g4 Bg6 8.
Bc4 e6 9. Ne5 Nbd7 10. Nxg6 hxg6 11. Be3 Bd6 12. Qf3 c6 13. Rf1 Rf8 14. O-O-O
Qc7 15. Bd3 O-O-O 16. Ne2 Nd5 17. Bd2 Nb4 18. Kb1 Qb6 19. c4 Nxd3 20. Qxd3 Qa6
21. Qb3 Be7 22. Nc3 Nb6 23. c5 Nd5 24. Ne4 Nf6 25. Nxf6 Bxf6 26. Bf4 Rxd4 27.
Rde1 Rd3 28. Qc2 Qb5 29. Rd1 Rfd8 30. Bd6 Rd5 31. a3 Rd7 32. Rfe1 Bd4 33. Rd3
e5 34. Rxd4 Rxd4 35. Rxe5 R7xd6 36. Re8+ Rd8 37. Rxd8+ Rxd8 38. Ka2 Qd3 39. Qc3
Qxc3 0-1

[Event "XXXII C.to Italiano Seniores"]
[Site "Arvier ITA"]
[Date "2010.04.23"]
[Round "6"]
[White "Lisandri, Luigi"]
[Black "Chiandussi, Livio"]
[Result "1-0"]
[WhiteElo "1488"]
[BlackElo "1551"]
[PlyCount "111"]
[EventDate "2010.04.18"]

1. c4 e5 2. Nc3 Nf6 3. e4 c6 4. Nf3 d6 5. Be2 h6 6. b3 Be7 7. Bb2 Nbd7 8. d3
O-O 9. O-O Nh5 10. Bc1 a6 11. Be3 Re8 12. Ne1 Nhf6 13. Qc1 Nf8 14. h3 Be6 15.
Na4 c5 16. f4 exf4 17. Bxf4 Ng6 18. Bh2 Nh7 19. Nc3 Bf6 20. Nd5 Bxa1 21. Qxa1
b5 22. Nf3 bxc4 23. bxc4 Rb8 24. Bd1 Qd7 25. Bb3 Bxd5 26. cxd5 Rb6 27. Bg3 Reb8
28. e5 dxe5 29. Nxe5 Nxe5 30. Bxe5 Rf8 31. Bxg7 Rg6 32. Be5 Qxh3 33. Rf2 Qe3
34. Bc4 Ng5 35. Kf1 Nh7 36. Bxa6 Rxa6 37. d6 Qxd3+ 38. Kg1 Rb6 39. Kh2 Rb1 40.
Qc3 Qxc3 41. Bxc3 Rd8 42. Be5 Rc1 43. Rd2 Rd7 44. Rb2 f6 45. Bg3 Kf7 46. Bf4
Ng5 47. Bxc1 Rxd6 48. a4 Ra6 49. Ra2 Ke6 50. a5 Kd5 51. Bb2 Ne4 52. Ra4 Kc6 53.
Rxe4 Rxa5 54. Bxf6 Kd5 55. Rh4 c4 56. Rh5+ 1-0

[Event "XXXII C.to Italiano Seniores"]
[Site "Arvier ITA"]
[Date "2010.04.23"]
[Round "6"]
[White "Neri, Angelo"]
[Black "Caldi, Mario"]
[Result "0-1"]
[WhiteElo "1930"]
[BlackElo "1819"]
[PlyCount "50"]
[EventDate "2010.04.18"]

1. e4 e6 2. d4 d5 3. Nc3 Bb4 4. e5 c5 5. a3 Bxc3+ 6. bxc3 Qc7 7. Nf3 Nc6 8. Bb5
Nge7 9. O-O O-O 10. Re1 a6 11. Bxc6 Qxc6 12. a4 b6 13. Ba3 a5 14. Qd2 Ba6 15.
g4 Rfc8 16. dxc5 bxc5 17. Qe3 Ng6 18. Ng5 h6 19. Nh3 Bb7 20. f3 Nh4 21. Kf2 d4
22. Qe4 Qc7 23. Qf4 Nxf3 24. Re2 Qc6 25. Re4 Qxe4 0-1